000 00727cam a2200229 4500
001 6406
005 20230410101746.0
008 060907n1995 mx spa
020 _a9681206835
035 _9funglode6464
041 _aES
050 1 4 _a112 F 1226
_bM611 1995
245 0 _aMéxico, Estados Unidos, Canadá 1993-1994 /
_cGustavo Vega Cánovas, compilador
260 _aMéxico, D.F. :
_bEl Colegio de México,
_c1995
300 _a440 p.
651 0 _aMexico
_xForeign relations
_zUnited States.
651 0 _aUnited States
_xForeign relations
_zMexico
651 0 _aMexico
_xForeign relations
_zCanada.
651 0 _aCanada
_xForeign relations
_zMexico
700 1 _aVega Cánovas, Gustavo
942 _2lcc
_cbk
999 _c13479
_d13479